Olympische Winterspelen kandidaat-gaststeden - Statistieken

Algemene statistieken
  • Deze quiz is 10 keer genomen
  • De gemiddelde score is 29 van 64
Antwoordstatistieken
# Land Jaren Stad % Correct
4 Verenigde Staten 1972, 1998, 2002, 2034 {Salt Lake} City
100%
3 Canada 1976, 2010, 2030 Vancouver
100%
4 Canada 1964, 1968, 1988, 2026 Calgary
90%
5 Noorwegen 1932, 1̶9̶4̶4, 1952, 1968, 2022 Oslo
90%
1 China 2022 Peking
90%
2 Bosnië-Herzegovina 1984, 2010 Sarajevo
90%
3 Zweden 2022, 2026, 2030 Stockholm
90%
1 Italië 2006 Turijn
90%
1 Verenigde Staten 1932 {Bear} Mountain
80%
1 Finland 2006 Helsinki
80%
3 Oostenrijk 1960, 1964, 1976 Innsbruck
80%
6 Verenigde Staten 1932, 1948, 1952, 1956, 1968, 1980 Lake {Placid}
80%
2 Oostenrijk 2010, 2014 Salzburg
80%
1 Frankrijk 1992 Albertville
70%
2 Zwitserland 2010, 2030 Bern
70%
6 Italië 1̶9̶4̶4, 1952, 1956, 1988, 1992, 2026 {Cortina} d'Ampezzo
70%
2 Noorwegen 1992, 1994 Lillehammer
70%
1 Japan 1998 Nagano
70%
3 Bulgarije 1992, 1994, 2014 Sofia
70%
1 Spanje 2030 Barcelona
60%
1 Zweden 1984 Göteborg
60%
4 Canada 1932, 1936, 1̶9̶4̶4, 1956 Montreal
60%
1 Andorra 2010 Andorra la Vella
50%
1 Frankrijk 1968 Grenoble
50%
1 Oekraïne 2022 Lviv
50%
4 Zwitserland 1928, 1936, 1948, 1960 Sankt-Moritz
50%
2 Rusland 2002, 2014 Sochi
50%
2 Frankrijk 1924, 2030 Chamonix
40%
1 Zwitserland 1928 Davos
40%
2 Duitsland 1936, 1960 Garmisch-Partenkirchen
40%
1 Canada 2002 {Quebec}-Stad
40%
6 Japan 1̶9̶4̶0, 1968, 1972, 1984, 2026, 2030 Saporro
40%
1 Finland 1976 Tampere
40%
2 Kazachstan 2014, 2022 Almaty
30%
2 Verenigde Staten 1932, 1976 Denver
30%
2 Oostenrijk 2002, 2026 Graz
30%
1 Polen 2022 Krakow
30%
1 Frankrijk 2030 {Nice} - Franse Alpen
30%
3 Zuid-Korea 2010, 2014, 2018 Pyeongchang
30%
2 Verenigde Staten 1992, 1994 Anchorage
20%
1 Frankrijk 2018 Annecy
20%
2 Italië 1998, 2030 Aosta
20%
1 Canada 1972 Banff
20%
1 Duitsland 1992 Berchtesgaden
20%
1 Georgië 2014 Borjomi
20%
1 Verenigde Staten 1956 {Colorado} Springs
20%
1 Verenigde Staten 1932 Duluth
20%
1 Zwitserland 1928 Engelberg
20%
1 Turkije 2026 Erzurum
20%
2 Frankrijk 1988, 1992 Falun
20%
1 China 2010 Harbin
20%
4 Spanje 1998, 2002, 2010, 2014 Jaca
20%
1 Oostenrijk 2006 Klagenfurt
20%
3 Finland 1964, 1968, 1972 Lahti
20%
1 Verenigde Staten 1932 Lake Tahoe
20%
1 Verenigde Staten 1932 Minneapolis
20%
1 Duitsland 2018 Munich
20%
3 Zweden 1994, 1998, 2002 Östersund
20%
2 Slovakije 2002, 2006 Poprad-Tatry
20%
4 Frankrijk 1976, 2002, 2006, 2026 Sion
20%
1 Verenigde Staten 1960 {Squaw} Valley
20%
1 Italië 2002 Tarvisio
20%
1 Verenigde Staten 1932 {Yosemite} Valley
20%
1 Polen 2006 Zakopane
20%
Geen overeenkomende quizzen gevonden
Scoreverdeling
Procent van Mensen met Elke Score
Percentiel versus Aantal Correcte Antwoorden
Uw Scoregeschiedenis
U heeft deze quiz nog niet genomen